Celestino Tarambana / (Record no. 24476)

MARC details
000 -LEADER
fixed length control field 01492cam a2200397Ki 4500
001 - CONTROL NUMBER
control field 704027561
003 - CONTROL NUMBER IDENTIFIER
control field OCoLC
005 - DATE AND TIME OF LATEST TRANSACTION
control field 20200315214828.0
008 - FIXED-LENGTH DATA ELEMENTS--GENERAL INFORMATION
fixed length control field 060808s2005 sp a j 000 1 spa d
020 ## - INTERNATIONAL STANDARD BOOK NUMBER
International Standard Book Number 8493449970
020 ## - INTERNATIONAL STANDARD BOOK NUMBER
International Standard Book Number 9788493449971
040 ## - CATALOGING SOURCE
Original cataloging agency AZZPT
Language of cataloging eng
Description conventions rda
Transcribing agency AZZPT
Modifying agency OCLCQ
-- BDX
-- T7X
-- OQX
-- OCLCF
-- YOL
041 1# - LANGUAGE CODE
Language code of text/sound track or separate title spa
Language code of original glg
050 14 - LIBRARY OF CONGRESS CALL NUMBER
Classification number PZ73
Item number .N976 2005
082 04 - DEWEY DECIMAL CLASSIFICATION NUMBER
Classification number [Fic]
Edition number 22
092 ## - LOCALLY ASSIGNED DEWEY CALL NUMBER (OCLC)
Classification number SP J NUNEZ
100 1# - MAIN ENTRY--PERSONAL NAME
Personal name Nunez, Marisa,
Relator term author.
240 10 - UNIFORM TITLE
Uniform title <a href="Celestino Tarambainas.">Celestino Tarambainas.</a>
Language of a work Spanish.
245 10 - TITLE STATEMENT
Title Celestino Tarambana /
Statement of responsibility, etc. Marisa Nunez ; ilustraciones, Mariona Cabassa ; traduccion, Marisa Nunez
250 ## - EDITION STATEMENT
Edition statement Primera edicion.
260 ## - PUBLICATION, DISTRIBUTION, ETC. (IMPRINT)
Place of publication, distribution, etc. Pontevedra [Spain] :
Name of publisher, distributor, etc. OQO Editora,
Date of publication, distribution, etc. 2005.
264 #1 - PRODUCTION, PUBLICATION, DISTRIBUTION, MANUFACTURE, AND COPYRIGHT NOTICE
Place of production, publication, distribution, manufacture Pontevedra [Spain] :
Name of producer, publisher, distributor, manufacturer OQO Editora,
Date of production, publication, distribution, manufacture, or copyright notice 2005.
300 ## - PHYSICAL DESCRIPTION
Extent 1 volume (unpaged) :
Other physical details color illustrations ;
Dimensions 22 cm.
336 ## - CONTENT TYPE
Content type term text
Source rdacontent.
337 ## - MEDIA TYPE
Media type term unmediated
Source rdamedia.
338 ## - CARRIER TYPE
Carrier type term volume
Source rdacarrier.
490 1# - SERIES STATEMENT
Series statement Coleccion Q.
520 ## - SUMMARY, ETC.
Summary, etc. Cesestino spends his time sleeping under the stars, hugging the trees, and making cabins out of ice with his tiny companion Rosamunda, until the day when Rosamunda goes missing.
650 #0 - SUBJECT ADDED ENTRY--TOPICAL TERM
Topical term or geographic name as entry element Friendship
Form subdivision Juvenile fiction.
650 #0 - SUBJECT ADDED ENTRY--TOPICAL TERM
Topical term or geographic name as entry element Eccentrics and eccentricities
Form subdivision Juvenile fiction.
650 #0 - SUBJECT ADDED ENTRY--TOPICAL TERM
Topical term or geographic name as entry element Missing persons
Form subdivision Juvenile fiction.
650 #0 - SUBJECT ADDED ENTRY--TOPICAL TERM
Topical term or geographic name as entry element Spanish language materials
Form subdivision Juvenile fiction.
700 1# - ADDED ENTRY--PERSONAL NAME
Personal name Cabassa, Mariona,
Relator term illustrator.
830 #0 - SERIES ADDED ENTRY--UNIFORM TITLE
Uniform title Q coleccion.
942 ## - ADDED ENTRY ELEMENTS (KOHA)
Koha item type Libro/Book
Source of classification or shelving scheme Dewey Decimal Classification
Holdings
Withdrawn status Lost status Damaged status Not for loan Home library Current library Shelving location Date acquired Inventory number Total Checkouts Full call number Barcode Date last seen Date checked out Price effective from Koha item type
        San Juan Del Sur -- Biblioteca San Juan Del Sur -- Biblioteca General Stacks 27/06/2017 Inventory date: 15-5-25 1 JF 30007885 01/02/2025 09/12/2024 27/06/2017 Libro/Book

Powered by Koha